[Event "Oberliga Nord W 1617"]
[Site "Germany"]
[Date "2017.03.19"]
[Round "7.8"]
[White "Kiselev, Alexander"]
[Black "Wachinger, Nikolas"]
[Result "0-1"]
[WhiteElo "2114"]
[BlackElo "1961"]
[PlyCount "58"]
[EventDate "2016.10.16"]
[EventType "team-tourn"]
[EventRounds "9"]
[EventCountry "GER"]
[SourceTitle "EXT 2018"]
[Source "ChessBase"]
[SourceDate "2017.10.13"]
[SourceVersion "1"]
[SourceVersionDate "2017.10.13"]
[SourceQuality "1"]
[WhiteTeam "Hannover"]
[BlackTeam "Werder Bremen"]
[WhiteTeamCountry "GER"]
[BlackTeamCountry "GER"]

1. e4 e5 2. Nf3 Nc6 3. Bb5 a6 4. Ba4 Nf6 5. d4 exd4 6. 0-0 Be7 7. Re1 0-0 8. e5 Nd5 9. Bb3 Nb6 10. Nxd4 Nxd4 11. Qxd4 d6 12. exd6 Bxd6 13. Bf4 Qh4 14. g3 Qg4 15. h3 Qg6 16. Bxd6 Qxd6 17. Qxd6 cxd6 18. Nc3 Bxh3 19. Re7 Bd7 20. a4 Rad8 21. a5 Nc8 22. Re3 Bc6 23. Nd5 Rfe8 24. Rae1 Rxe3 25. Rxe3 Re8 26. Rd3 Re1+ 27. Kh2 Kf8 28. g4 Ra1 29. Rh3 Na7 0-1

[Event "Oberliga Nord W 1617"]
[Site "Germany"]
[Date "2017.02.19"]
[Round "6.8"]
[White "Koelle, Arthur"]
[Black "Kiselev, Alexander"]
[Result "1-0"]
[WhiteElo "2197"]
[BlackElo "2114"]
[PlyCount "137"]
[EventDate "2016.10.16"]
[EventType "team-tourn"]
[EventRounds "9"]
[EventCountry "GER"]
[SourceTitle "EXT 2018"]
[Source "ChessBase"]
[SourceDate "2017.10.13"]
[SourceVersion "1"]
[SourceVersionDate "2017.10.13"]
[SourceQuality "1"]
[WhiteTeam "Hannover SF"]
[BlackTeam "Hannover"]
[WhiteTeamCountry "GER"]
[BlackTeamCountry "GER"]

1. e4 d5 2. exd5 Nf6 3. Bb5+ Bd7 4. Be2 Nxd5 5. d4 Bf5 6. Nf3 e6 7. 0-0 Be7 8. a3 Nd7 9. c4 N5b6 10. Nc3 0-0 11. c5 Nd5 12. Nxd5 exd5 13. Qb3 b6 14. Qxd5 Be6 15. Qc6 Nf6 16. Bf4 Rc8 17. Rac1 Bd5 18. Qa4 Nh5 19. Be3 Kh8 20. Ne5 g6 21. Bc4 Bf6 22. Rfd1 Bxc4 23. Qxc4 Qe8 24. Bh6 Bg7 25. Bxg7+ Kxg7 26. Re1 Qd8 27. d5 Nf6 28. Rcd1 bxc5 29. Nc6 Qd6 30. Nxa7 Rce8 31. Rxe8 Rxe8 32. Nb5 Qxd5 33. Rxd5 Re1+ 34. Qf1 Rxf1+ 35. Kxf1 Nxd5 36. g3 Kf6 37. Ke2 Ke6 38. Kd3 c6 39. Nc3 f5 40. Kc4 Kd6 41. Na4 g5 42. Nxc5 h5 43. Kd4 Nb6 44. a4 Nc8 45. a5 h4 46. f3 hxg3 47. hxg3 Na7 48. Kc4 Nb5 49. a6 Na7 50. f4 gxf4 51. gxf4 Nb5 52. Nb3 Kc7 53. Kc5 Nd6 54. Nd2 Nc8 55. Kd4 Kb6 56. Ke5 Ne7 57. Ke6 Nd5 58. Kxf5 Kxa6 59. Ke5 Kb5 60. f5 Ne7 61. f6 Ng6+ 62. Kd6 c5 63. f7 Kb4 64. Ne4 c4 65. Nd2 c3 66. bxc3+ Kxc3 67. Nf3 Nf8 68. Ke7 Ng6+ 69. Ke8 1-0

[Event "GER-chA Seniors 28th"]
[Site "Niederhausen"]
[Date "2016.08.20"]
[Round "8"]
[White "Kiselev, Alexander"]
[Black "Krueger, Erich"]
[Result "0-1"]
[WhiteElo "2126"]
[BlackElo "2228"]
[PlyCount "94"]
[EventDate "2016.08.13"]
[EventType "swiss"]
[EventRounds "9"]
[EventCountry "GER"]
[SourceTitle "EXT 2019"]
[Source "ChessBase"]
[SourceDate "2018.10.10"]
[SourceVersion "1"]
[SourceVersionDate "2018.10.10"]
[SourceQuality "1"]

1. e4 c6 2. d4 d5 3. e5 Bf5 4. Nc3 a6 5. Be3 e6 6. Nge2 c5 7. dxc5 Nc6 8. Nd4 Nge7 9. f4 Nxd4 10. Bxd4 Nc6 11. a3 Bxc2 12. Qxc2 Nxd4 13. Qa4+ Nc6 14. b4 Be7 15. Be2 0-0 16. 0-0 f6 17. Bg4 f5 18. Bf3 g5 19. g3 gxf4 20. gxf4 Kh8 21. Ne2 Qc7 22. Kh1 Bh4 23. Qc2 Rad8 24. Rad1 Rg8 25. Qc3 Qg7 26. Qe3 Qh6 27. Rg1 d4 28. Rxg8+ Rxg8 29. Rxd4 Nxd4 30. Qxd4 Rd8 31. Qg1 Rd7 32. a4 Bd8 33. Qc1 Qh3 34. Ng1 Qh4 35. c6 bxc6 36. Qxc6 Rd2 37. Bg2 Qf2 38. Qf3 Bb6 39. Qxf2 Bxf2 40. Bf1 Be3 41. Nh3 Rd4 42. Bxa6 Rxb4 43. Bb5 Bxf4 44. Nxf4 Rxf4 45. Bd7 Re4 46. a5 Rxe5 47. a6 Kg7 0-1

[Event "GER-chA Seniors 28th"]
[Site "Niederhausen"]
[Date "2016.08.15"]
[Round "3"]
[White "Kiselev, Alexander"]
[Black "Werner, Clemens"]
[Result "0-1"]
[WhiteElo "2126"]
[BlackElo "2300"]
[PlyCount "82"]
[EventDate "2016.08.13"]
[EventType "swiss"]
[EventRounds "9"]
[EventCountry "GER"]
[SourceTitle "EXT 2019"]
[Source "ChessBase"]
[SourceDate "2018.10.10"]
[SourceVersion "1"]
[SourceVersionDate "2018.10.10"]
[SourceQuality "1"]

1. e4 c6 2. d4 d5 3. e5 Bf5 4. Nc3 e6 5. g4 Bg6 6. Nge2 f6 7. h4 fxe5 8. dxe5 Nd7 9. Nf4 Nxe5 10. Nxg6 hxg6 11. Qe2 Qf6 12. f4 Nd7 13. Be3 Bb4 14. 0-0-0 Ne7 15. Qh2 Bxc3 16. bxc3 Qxc3 17. Bd4 Qa3+ 18. Bb2 Qd6 19. Bxg7 Rh7 20. Bc3 0-0-0 21. Qf2 Rf8 22. Qxa7 Rxf4 23. h5 Rxg4 24. Bh3 Rc4 25. hxg6 Nxg6 26. Kb2 Rhh4 27. Ba5 Ra4 28. Rd3 Qe5+ 29. Kb1 Qb8 30. Qg1 Rxa5 31. Qxg6 Rb5+ 32. Rb3 Rxb3+ 33. axb3 Qe5 34. Ka2 Kc7 35. Qg2 Nc5 36. Qf2 Qc3 37. Kb1 Rxh3 38. Rxh3 Qxh3 39. Qxc5 Qf1+ 40. Ka2 Qf6 41. Qa5+ Kb8 0-1

[Event "GER-chA Seniors 28th"]
[Site "Niederhausen"]
[Date "2016.08.14"]
[Round "2"]
[White "Mittelbachert, Ulrich"]
[Black "Kiselev, Alexander"]
[Result "0-1"]
[WhiteElo "1970"]
[BlackElo "2126"]
[PlyCount "92"]
[EventDate "2016.08.13"]
[EventType "swiss"]
[EventRounds "9"]
[EventCountry "GER"]
[SourceTitle "EXT 2019"]
[Source "ChessBase"]
[SourceDate "2018.10.10"]
[SourceVersion "1"]
[SourceVersionDate "2018.10.10"]
[SourceQuality "1"]

1. b4 e5 2. Bb2 f6 3. b5 d5 4. e3 Be6 5. Nf3 Bd6 6. c4 c6 7. Qb3 Nd7 8. d4 e4 9. Nfd2 Ne7 10. Nc3 Kf7 11. Be2 f5 12. g3 Nf6 13. a4 g5 14. Ba3 Bc7 15. Bxe7 Qxe7 16. c5 Rag8 17. a5 h5 18. a6 b6 19. cxb6 Bxb6 20. bxc6 Qd6 21. Bb5 h4 22. 0-0-0 Rb8 23. Qa4 Ng4 24. Rdf1 hxg3 25. hxg3 Rxh1 26. Rxh1 Nxf2 27. Rh7+ Kg6 28. Rd7 Bxd7 29. cxd7 Ng4 30. Nd1 Qc7+ 31. Kb1 Qxg3 32. Qb4 Qe1 33. Kc2 Qg3 34. Qe7 Qc7+ 35. Kb1 Nf6 36. Nb3 Rd8 37. Nc5 Bxc5 38. Qxc5 Qxc5 39. dxc5 Nxd7 40. c6 Nb6 41. Kc2 Kf6 42. Kc3 Ke5 43. Kb4 d4 44. Kc5 Rd5+ 45. Kb4 Kd6 46. Nb2 dxe3 0-1

[Event "GER-chA Seniors 27th"]
[Site "Magdeburg"]
[Date "2015.08.21"]
[Round "7"]
[White "Kiselev, Alexander"]
[Black "Daeubler, Heinrich"]
[Result "1/2-1/2"]
[WhiteElo "2087"]
[BlackElo "2190"]
[PlyCount "36"]
[EventDate "2015.08.15"]
[EventType "swiss"]
[EventRounds "9"]
[EventCountry "GER"]
[SourceTitle "EXT 2018"]
[Source "ChessBase"]
[SourceDate "2017.10.13"]
[SourceVersion "1"]
[SourceVersionDate "2017.10.13"]
[SourceQuality "1"]

1. e4 g6 2. d4 Bg7 3. Nc3 d6 4. f4 a6 5. Nf3 b5 6. a3 Bb7 7. Be3 Nf6 8. Nd2 Nbd7 9. Be2 c5 10. dxc5 Nxc5 11. Bf3 0-0 12. 0-0 Rc8 13. Qe1 Nfd7 14. Rd1 Qc7 15. Ndb1 Nb6 16. b3 Ncd7 17. Rd3 Nc5 18. Rd1 Ncd7 1/2-1/2

[Event "GER-chA Seniors 27th"]
[Site "Magdeburg"]
[Date "2015.08.19"]
[Round "5"]
[White "Kiselev, Alexander"]
[Black "Pruefer, Friedbert"]
[Result "1/2-1/2"]
[WhiteElo "2087"]
[BlackElo "2219"]
[PlyCount "51"]
[EventDate "2015.08.15"]
[EventType "swiss"]
[EventRounds "9"]
[EventCountry "GER"]
[SourceTitle "EXT 2018"]
[Source "ChessBase"]
[SourceDate "2017.10.13"]
[SourceVersion "1"]
[SourceVersionDate "2017.10.13"]
[SourceQuality "1"]

1. e4 d6 2. d4 Nf6 3. Nc3 g6 4. f4 Bg7 5. Nf3 0-0 6. e5 dxe5 7. dxe5 Qxd1+ 8. Kxd1 Nh5 9. Bc4 Bg4 10. Ke2 Nc6 11. Be3 Bxf3+ 12. gxf3 e6 13. Ne4 Rfd8 14. Rhd1 Nb4 15. c3 Nd5 16. Bxd5 Rxd5 17. c4 Rdd8 18. Ng3 Nxg3+ 19. hxg3 a6 20. c5 f6 21. Bd4 fxe5 22. Bxe5 Bxe5 23. fxe5 h5 24. f4 Kf7 25. Ke3 Rd5 26. Rxd5 1/2-1/2

[Event "GER-chA Seniors 27th"]
[Site "Magdeburg"]
[Date "2015.08.18"]
[Round "4"]
[White "Zunker, Reinhard"]
[Black "Kiselev, Alexander"]
[Result "1/2-1/2"]
[WhiteElo "2162"]
[BlackElo "2087"]
[PlyCount "35"]
[EventDate "2015.08.15"]
[EventType "swiss"]
[EventRounds "9"]
[EventCountry "GER"]
[SourceTitle "EXT 2018"]
[Source "ChessBase"]
[SourceDate "2017.10.13"]
[SourceVersion "1"]
[SourceVersionDate "2017.10.13"]
[SourceQuality "1"]

1. c4 Nf6 2. g3 c5 3. Nc3 d5 4. cxd5 Nxd5 5. Bg2 Nc7 6. Nf3 Nc6 7. 0-0 e5 8. d3 Be7 9. b3 Be6 10. Bb2 0-0 11. Rc1 f6 12. Nd2 Qd7 13. Nce4 b6 14. Nc4 Nd5 15. Nc3 Rfd8 16. Nxd5 Bxd5 17. Bxd5+ Qxd5 18. Ne3 1/2-1/2

[Event "Niedersachsen-ch Seniors 49th"]
[Site "Wesel Undeloh"]
[Date "2015.07.21"]
[Round "3"]
[White "Kiselev, Alexander"]
[Black "Hilburt, Leonid"]
[Result "1/2-1/2"]
[WhiteElo "1984"]
[BlackElo "1950"]
[PlyCount "36"]
[EventDate "2015.07.19"]
[EventType "swiss"]
[EventRounds "7"]
[EventCountry "GER"]
[SourceTitle "EXT 2018"]
[Source "ChessBase"]
[SourceDate "2017.10.13"]
[SourceVersion "1"]
[SourceVersionDate "2017.10.13"]
[SourceQuality "1"]

1. e4 e5 2. Nf3 Nc6 3. Bc4 Nf6 4. Ng5 d5 5. exd5 Na5 6. Bb5+ c6 7. dxc6 bxc6 8. Be2 h6 9. Nf3 e4 10. Ne5 Qc7 11. Ng4 Bxg4 12. Bxg4 Bc5 13. 0-0 h5 14. Be2 Ng4 15. Bxg4 hxg4 16. g3 f5 17. d4 Bd6 18. Bg5 Rh5 1/2-1/2

[Event "Niedersachsen-ch Seniors 49th"]
[Site "Wesel Undeloh"]
[Date "2015.07.20"]
[Round "2"]
[White "Gudat, Alfons"]
[Black "Kiselev, Alexander"]
[Result "0-1"]
[WhiteElo "1754"]
[BlackElo "1984"]
[PlyCount "55"]
[EventDate "2015.07.19"]
[EventType "swiss"]
[EventRounds "7"]
[EventCountry "GER"]
[SourceTitle "EXT 2018"]
[Source "ChessBase"]
[SourceDate "2017.10.13"]
[SourceVersion "1"]
[SourceVersionDate "2017.10.13"]
[SourceQuality "1"]

1. Nf3 Nf6 2. d4 g6 3. c4 c5 4. Nc3 cxd4 5. Nxd4 Bg7 6. e4 d6 7. Be2 0-0 8. 0-0 Bd7 9. Be3 Nc6 10. Nb3 b6 11. f3 Rc8 12. Rc1 Ne5 13. Nd5 Ba4 14. Qd2 e6 15. Nxf6+ Bxf6 16. Rfd1 Nc6 17. Bh6 Re8 18. Be3 Qe7 19. Re1 Bxb3 20. axb3 Na5 21. Bd1 Red8 22. Bd4 Bxd4+ 23. Qxd4 Qc7 24. Bc2 Qc5 25. Qxc5 dxc5 26. Red1 Nc6 27. Rd7 Re8 28. Rd8 0-1

[Event "Wch Seniors 65 24th"]
[Site "Katerini"]
[Date "2014.10.29"]
[Round "6"]
[White "Kiselev, Alexander"]
[Black "Pihlajamaki, Antti"]
[Result "1-0"]
[WhiteElo "2122"]
[BlackElo "1863"]
[PlyCount "77"]
[EventDate "2014.10.24"]
[EventType "swiss"]
[EventRounds "11"]
[EventCountry "GRE"]
[SourceTitle "EXT 2015"]
[Source "ChessBase"]
[SourceDate "2014.11.20"]
[SourceVersion "1"]
[SourceVersionDate "2014.11.20"]
[SourceQuality "1"]

1. e4 e5 2. Nf3 Nc6 3. Bb5 a6 4. Ba4 Bc5 5. 0-0 Nf6 6. Nxe5 0-0 7. Nxc6 dxc6 8. Qf3 Bg4 9. Qf4 Qd4 10. Nc3 b5 11. Bb3 b4 12. Na4 Bd6 13. Qe3 Qe5 14. g3 Qh5 15. f3 Be6 16. d4 Bxb3 17. cxb3 Rae8 18. Kg2 h6 19. Bd2 g5 20. h3 Qg6 21. Nc5 Bxc5 22. dxc5 Nh5 23. Bxb4 Nf4+ 24. Kh2 Nd5 25. Qd2 Nxb4 26. Qxb4 Rd8 27. Rad1 Rxd1 28. Rxd1 h5 29. Qd4 g4 30. hxg4 hxg4 31. f4 Qh5+ 32. Kg1 Qh3 33. Qf2 Re8 34. Rd4 Qh8 35. Qd2 Qh3 36. Qd3 Kg7 37. Rd7 Rxe4 38. Qxe4 Qxg3+ 39. Kf1 1-0

[Event "Wch Seniors 65 24th"]
[Site "Katerini"]
[Date "2014.10.28"]
[Round "5"]
[White "Acosta, Mariano"]
[Black "Kiselev, Alexander"]
[Result "1-0"]
[WhiteElo "1942"]
[BlackElo "2122"]
[PlyCount "33"]
[EventDate "2014.10.24"]
[EventType "swiss"]
[EventRounds "11"]
[EventCountry "GRE"]
[SourceTitle "EXT 2015"]
[Source "ChessBase"]
[SourceDate "2014.11.20"]
[SourceVersion "1"]
[SourceVersionDate "2014.11.20"]
[SourceQuality "1"]

1. Nf3 d5 2. c4 d4 3. b4 f6 4. e3 e5 5. c5 a5 6. Nxe5 Qd5 7. Qa4+ Nd7 8. Nf3 dxe3 9. fxe3 Qe4 10. d4 b5 11. Bxb5 axb4 12. Qxb4 Kd8 13. Qd2 Nh6 14. Nc3 Qe6 15. 0-0 g6 16. Qd3 Nf7 17. Bc4 1-0

[Event "Wch Seniors 65 24th"]
[Site "Katerini"]
[Date "2014.10.24"]
[Round "1"]
[White "Kiselev, Alexander"]
[Black "Rave, Avraham"]
[Result "1-0"]
[WhiteElo "2122"]
[BlackElo "1838"]
[PlyCount "128"]
[EventDate "2014.10.24"]
[EventType "swiss"]
[EventRounds "11"]
[EventCountry "GRE"]
[SourceTitle "EXT 2015"]
[Source "ChessBase"]
[SourceDate "2014.11.20"]
[SourceVersion "1"]
[SourceVersionDate "2014.11.20"]
[SourceQuality "1"]

1. e4 c5 2. Nc3 e6 3. Bc4 Be7 4. d3 Nc6 5. f4 Na5 6. Nf3 Nxc4 7. dxc4 a6 8. 0-0 b6 9. Qd3 Bb7 10. Be3 d6 11. a4 Nf6 12. Rad1 0-0 13. h3 Rb8 14. Bf2 Bc6 15. Bh4 Ne8 16. Bxe7 Qxe7 17. Rd2 Qb7 18. b3 b5 19. axb5 axb5 20. cxb5 Bxb5 21. Nxb5 Qxb5 22. Qxb5 Rxb5 23. e5 Rb6 24. Ra1 d5 25. Ra7 Rc6 26. Rd1 h6 27. Rda1 Nc7 28. Rb7 Na6 29. Kf1 Rfc8 30. Ke2 d4 31. Nd2 Nb4 32. Raa7 Rf8 33. Kd1 Ra6 34. Rxa6 Nxa6 35. Ne4 Rc8 36. Ra7 Nb4 37. Nd6 Rf8 38. g3 f6 39. exf6 Rxf6 40. Ne4 Rf5 41. Re7 h5 42. h4 Nd5 43. Rxe6 Ne3+ 44. Kd2 c4 45. bxc4 Nxc4+ 46. Kd3 Ne3 47. c3 Ra5 48. Kxd4 Nf5+ 49. Kd3 Ra1 50. Ke2 Rg1 51. Kf2 Rd1 52. c4 Rd3 53. c5 Kf7 54. Re5 g6 55. c6 Rd1 56. c7 Rc1 57. c8Q Rxc8 58. Rxf5+ Kg7 59. Rf7+ Kg8 60. Rd7 Rc6 61. Ke3 Ra6 62. Kd4 Ra1 63. Ke5 Ra5+ 64. Kf6 Ra1 1-0

[Event "Wch Seniors 23rd"]
[Site "Opatija"]
[Date "2013.11.22"]
[Round "10"]
[White "Fucak, Emilijo"]
[Black "Kiselev, Alexander"]
[Result "1/2-1/2"]
[WhiteElo "2223"]
[BlackElo "2113"]
[PlyCount "43"]
[EventDate "2013.11.12"]
[EventType "swiss"]
[EventRounds "11"]
[EventCountry "CRO"]
[SourceTitle "CBM 157 Extra"]
[Source "ChessBase"]
[SourceDate "2013.12.19"]
[SourceVersion "1"]
[SourceVersionDate "2013.12.19"]
[SourceQuality "1"]

1. c4 Nf6 2. g3 c5 3. Bg2 Nc6 4. Nf3 g6 5. 0-0 Bg7 6. Nc3 0-0 7. a3 d5 8. cxd5 Nxd5 9. Nxd5 Qxd5 10. d3 Qd7 11. Rb1 b6 12. b4 cxb4 13. axb4 Bb7 14. Qa4 Rfd8 15. b5 Nd4 16. Nxd4 Bxg2 17. Kxg2 Bxd4 18. Rb4 Bc3 19. Rb3 Bd4 20. Rb4 Bc3 21. Rb3 Bd4 22. Rb4 1/2-1/2

[Event "Wch Seniors 23rd"]
[Site "Opatija"]
[Date "2013.11.16"]
[Round "5"]
[White "Kiselev, Alexander"]
[Black "Green, Per"]
[Result "1-0"]
[WhiteElo "2113"]
[BlackElo "1990"]
[PlyCount "56"]
[EventDate "2013.11.12"]
[EventType "swiss"]
[EventRounds "11"]
[EventCountry "CRO"]
[SourceTitle "CBM 157 Extra"]
[Source "ChessBase"]
[SourceDate "2013.12.19"]
[SourceVersion "1"]
[SourceVersionDate "2013.12.19"]
[SourceQuality "1"]

1. e4 e6 2. d4 d5 3. e5 c5 4. c3 Nc6 5. Nf3 Bd7 6. Be2 f6 7. 0-0 fxe5 8. dxe5 Qc7 9. Re1 0-0-0 10. Bd3 Be7 11. Bf4 Rf8 12. Qd2 Be8 13. Na3 a6 14. Rac1 h6 15. Bg3 g5 16. h3 Bh5 17. Nh2 Bd8 18. Nc2 Nge7 19. b4 d4 20. Ng4 Bxg4 21. hxg4 h5 22. Be2 h4 23. Bh2 Nd5 24. Bd3 Nf4 25. Bxf4 Rxf4 26. Qe2 Rhf8 27. f3 h3 28. cxd4 cxd4 1-0

[Event "Wch Seniors 23rd"]
[Site "Opatija"]
[Date "2013.11.14"]
[Round "3"]
[White "Kiselev, Alexander"]
[Black "Acers, Jude Frazer"]
[Result "0-1"]
[WhiteElo "2113"]
[BlackElo "2230"]
[PlyCount "86"]
[EventDate "2013.11.12"]
[EventType "swiss"]
[EventRounds "11"]
[EventCountry "CRO"]
[SourceTitle "CBM 157 Extra"]
[Source "ChessBase"]
[SourceDate "2013.12.19"]
[SourceVersion "1"]
[SourceVersionDate "2013.12.19"]
[SourceQuality "1"]

1. e4 d5 2. exd5 Nf6 3. d4 Nxd5 4. c4 Nb6 5. Nc3 e5 6. Qe2 Be7 7. dxe5 Nc6 8. Nf3 Bg4 9. Qe4 Bxf3 10. gxf3 Qd4 11. f4 Qxe4+ 12. Nxe4 Nb4 13. Kd1 Na4 14. b3 0-0-0+ 15. Ke2 Nc2 16. Rb1 Nd4+ 17. Ke3 Nc5 18. Nxc5 Bxc5 19. Ke4 f5+ 20. Kd3 Nxb3+ 21. Ke2 Nxc1+ 22. Rxc1 Rd4 23. Kf3 Rd2 24. Be2 Rxa2 25. Ra1 Rd2 26. h4 Rhd8 27. h5 Rc2 28. Rhg1 Rc3+ 29. Kg2 Rd2 30. Kf1 Rcc2 31. Re1 Rd7 32. Rg5 a5 33. e6 Rd8 34. Rxf5 b6 35. Re5 Re8 36. h6 g6 37. f5 a4 38. Ra1 a3 39. Rd5 a2 40. Rd3 Rb2 41. f6 Rxe6 42. Bd1 Rxf2+ 43. Kg1 Re1# 0-1

[Event "Niedersachsen-ch Seniors op 13th"]
[Site "Bad Bevensen"]
[Date "2010.07.14"]
[Round "9"]
[White "Kiselev, Alexander"]
[Black "Leuschner, Guenter"]
[Result "1-0"]
[WhiteElo "1969"]
[BlackElo "1814"]
[PlyCount "53"]
[EventDate "2010.07.06"]
[EventType "swiss"]
[EventRounds "9"]
[EventCountry "GER"]
[SourceTitle "EXT 2012"]
[Source "ChessBase"]
[SourceDate "2011.11.24"]
[SourceVersion "1"]
[SourceVersionDate "2011.11.24"]
[SourceQuality "1"]

1. e4 d5 2. exd5 Qxd5 3. Nc3 Qd8 4. Nf3 Bf5 5. d4 e6 6. Bd3 Bxd3 7. Qxd3 Nf6 8. Qb5+ Nbd7 9. Qxb7 Qb8 10. Qc6 Bd6 11. Ne5 Ke7 12. Qxd7+ Nxd7 13. Nc6+ Ke8 14. Nxb8 Rxb8 15. 0-0 c6 16. Ne4 Bc7 17. b3 f6 18. Ba3 a6 19. Rfe1 Kf7 20. Rad1 Rb5 21. Bd6 Bb8 22. a4 Rd5 23. Bb4 Nb6 24. c4 Rdd8 25. Nc5 a5 26. Bxa5 Ba7 27. Nxe6 1-0

[Event "Niedersachsen-ch Seniors op 13th"]
[Site "Bad Bevensen"]
[Date "2010.07.06"]
[Round "1"]
[White "Kiselev, Alexander"]
[Black "Janssen, Helmut"]
[Result "1/2-1/2"]
[WhiteElo "1969"]
[BlackElo "1662"]
[PlyCount "70"]
[EventDate "2010.07.06"]
[EventType "swiss"]
[EventRounds "9"]
[EventCountry "GER"]
[SourceTitle "EXT 2012"]
[Source "ChessBase"]
[SourceDate "2011.11.24"]
[SourceVersion "1"]
[SourceVersionDate "2011.11.24"]
[SourceQuality "1"]

1. e4 c5 2. f4 d6 3. Nf3 Nc6 4. Bc4 e6 5. Nc3 a6 6. a4 Nf6 7. Qe2 Be7 8. d3 Qc7 9. 0-0 0-0 10. Bd2 Bd7 11. Qf2 Nd4 12. Nxd4 cxd4 13. Ne2 b5 14. axb5 axb5 15. Bb3 Rxa1 16. Rxa1 e5 17. h3 Be6 18. Bb4 Bxb3 19. cxb3 Re8 20. Rc1 Qb7 21. Qe1 Qb6 22. Kh2 Kf8 23. Ba5 Qa6 24. Qd2 Rc8 25. b4 Rxc1 26. Qxc1 Qb7 27. Ng3 g6 28. fxe5 dxe5 29. Qh6+ Kg8 30. Qc1 Nd7 31. Ne2 Kg7 32. g4 h6 33. Kg3 f6 34. h4 Nf8 35. h5 Qd7 1/2-1/2

[Event "Voronezh op-B 14th"]
[Site "Voronezh"]
[Date "2010.06.16"]
[Round "5"]
[White "Kiselev, Alexander"]
[Black "Dubov, Danil"]
[Result "1/2-1/2"]
[WhiteElo "2121"]
[BlackElo "2190"]
[PlyCount "62"]
[EventDate "2010.06.12"]
[EventType "swiss"]
[EventRounds "9"]
[EventCountry "RUS"]
[SourceTitle "CBM 137 Extra"]
[Source "ChessBase"]
[SourceDate "2010.09.01"]
[SourceVersion "1"]
[SourceVersionDate "2010.09.01"]
[SourceQuality "1"]

1. e4 c6 2. d4 d5 3. e5 Bf5 4. Nf3 e6 5. Be2 Ne7 6. 0-0 Nd7 7. Be3 Bg6 8. Nbd2 Nf5 9. Bg5 Qb6 10. Nb3 h6 11. Bd2 Qd8 12. c4 dxc4 13. Bxc4 Nb6 14. Ba5 Qd7 15. Qe2 Bh5 16. Bd3 Bxf3 17. Qxf3 Nxd4 18. Nxd4 Qxd4 19. Be4 Qc4 20. Bxb6 axb6 21. b3 Qb5 22. a4 Qxe5 23. Bxc6+ Ke7 24. Bxb7 Rd8 25. Rfe1 Qb8 26. Rad1 Rxd1 27. Rxd1 f5 28. Qc6 Kf6 29. Qxb6 Be7 30. Re1 Qd6 31. Qxd6 Bxd6 1/2-1/2

[Event "Niedersachsen-ch Seniors 44th"]
[Site "Cadenberge"]
[Date "2010.04.20"]
[Round "8"]
[White "Brunotte, Peter"]
[Black "Kiselev, Alexander"]
[Result "1/2-1/2"]
[WhiteElo "1995"]
[BlackElo "1994"]
[PlyCount "114"]
[EventDate "2010.04.13"]
[EventType "swiss"]
[EventRounds "9"]
[EventCountry "GER"]
[SourceTitle "EXT 2019"]
[Source "ChessBase"]
[SourceDate "2018.10.10"]
[SourceVersion "1"]
[SourceVersionDate "2018.10.10"]
[SourceQuality "1"]

1. e4 d5 2. exd5 Qxd5 3. Nc3 Qa5 4. d4 Nf6 5. Nf3 Nc6 6. Bb5 Bd7 7. a3 a6 8. b4 Nxb4 9. Bxd7+ Nxd7 10. Bd2 Nd5 11. Nxd5 Qxd5 12. 0-0 Nb6 13. Re1 e6 14. Re5 Qc6 15. Rg5 f6 16. Rg3 0-0-0 17. Ba5 e5 18. Bxb6 cxb6 19. c3 g6 20. Qb3 e4 21. Nd2 Bh6 22. Nc4 b5 23. Ne3 f5 24. Rh3 Bf4 25. a4 bxa4 26. Rxa4 b5 27. Ra1 Rd7 28. Nc2 Ra7 29. Na3 Rc7 30. d5 Qc5 31. Nc2 Kb7 32. Nd4 Bd6 33. Qa2 Qb6 34. Nc6 Ra8 35. c4 b4 36. Rb3 Rxc6 37. dxc6+ Qxc6 38. Rh3 h5 39. c5 Be5 40. Rd1 Rc8 41. Rd5 Bc7 42. Rb3 a5 43. Qd2 Re8 44. Rb1 Re5 45. Rxe5 Bxe5 46. Rc1 Kc7 47. Qa2 a4 48. Qf7+ Kb8 49. Rd1 Bc7 50. Qg8+ Kb7 51. Qc4 Bb6 52. Qxb4 Qxc5 53. Qxa4 Qxf2+ 54. Kh1 Qc2 55. Qd7+ Kb8 56. Qd2 Kb7 57. Qd7+ Kb8 1/2-1/2

[Event "Niedersachsen-ch Seniors 44th"]
[Site "Cadenberge"]
[Date "2010.04.18"]
[Round "6"]
[White "Kiselev, Alexander"]
[Black "Merettig, Georg"]
[Result "1-0"]
[WhiteElo "1994"]
[BlackElo "1774"]
[PlyCount "25"]
[EventDate "2010.04.13"]
[EventType "swiss"]
[EventRounds "9"]
[EventCountry "GER"]
[SourceTitle "EXT 2019"]
[Source "ChessBase"]
[SourceDate "2018.10.10"]
[SourceVersion "1"]
[SourceVersionDate "2018.10.10"]
[SourceQuality "1"]

1. e4 Nc6 2. d4 e5 3. dxe5 Nxe5 4. f4 Ng6 5. Be3 b6 6. Nf3 Bb7 7. f5 Nh4 8. Bf2 Nxf3+ 9. gxf3 Qe7 10. Nc3 0-0-0 11. Nd5 Bxd5 12. Qxd5 c6 13. Bg3 1-0